000 00908nam a2200277 a 4500
001 BRL_1371
005 20190320211154.0
008 090114s1994----u--aob####---#000-0#eng-#
020 _a0890132666
041 _aeng
044 _au
050 4 _aTS1306.U452
_b.R56 1994
245 1 0 _aRío Grande textiles
_ba new edition of spanishtextile tradition of New Mexico and Colorado
_cCompiled and edited by Nora Fisher.
260 _aSanta Fe, New Mexico
_bMuseum of New Mexico
_c1994
300 _axii, 196 p.
_bil. ( a color), mapas
_c29 cm.
500 _aAu1625
500 _aIncluye índice y glosario.
504 _aBibliografía: p. 185-189
650 1 4 _aIndustría textil
_zColorado
_926672
650 1 4 _aTelas
_zColorado
_926673
650 1 4 _aIndustría textil
_zNuevo México
_926674
650 1 4 _aTelas
_zNuevo México
_926675
700 1 _aFisher, Nora
_926676
902 _aGRL
942 _2lcc
_cB
999 _c10182
_d10182